Datum a čas kvízu
32
Celkem bodů
Celkový počet nahraných bodů na tomto kvízu bez doplňovacích otázek.
2.
Pořadí na kvízu
Konečné umístění týmu na tomto kvízu.
Zaznamenané odpovědi
| # | Otázka | Odpověď | Body | Výsledky |
|---|---|---|---|---|
| 1. | Ve kterém městě sídlí hvězdárn... | v Brně | 0 | |
| 2. | Ambiciózní projekt v podobě bu... | Indonésie | 1 | |
| 3. | Která kapela musela odvolat ně... | Mirai | 1 | |
| 4. | Nečekanou invazi zažili návště... | C) vážky | 1 | |
| 5. | Hokejista David Pastrňák se ož... | Hvar | 0 | |
| 6. | Tato plodina je známá též jako... | maniok | 1 | |
| 7. | Vyhlášenou chuťovkou v Ekvádor... | morče | 1 | |
| 8. | Payara, Tucunare nebo Arapaima... | C | 1 | |
| 9. | Chicha je (obvykle) alkoholick... | kukuřice | 0 | |
| 10. | Ač si většina z nás patrně spo... | Bolívie | 0 |